000 02787 a2200397 4500
001 24236173
003 0199338
005 20251016152007.0
007 t|
008 250607s2026 flu b 001 0 eng
010 _a 2025010856
020 _a9781032274966
020 _a9781032274966
020 _z9781032274966
035 _a(DLC)24236173
040 _aDLC
_beng
_erda
_cDLC
_dDLC
_dDLC-MRC
042 _apcc
050 0 0 _aTJ1510
_b.K96 2025
082 0 0 _a646.2/044
_223/eng/20250612
245 0 0 _aSewing machines and processes /
_cedited by Yordan Kyosev.
250 _aFirst edition.
263 _a2508
264 1 _aBoca Raton, FL :
_bCRC Press,
_c2026.
300 _ax, 316p.:
_bill.
336 _atext
_btxt
_2rdacontent
337 _aunmediated
_bn
_2rdamedia
338 _avolume
_bnc
_2rdacarrier
504 _aIncludes bibliographical references and index.
520 _a"Sewing Machines and Processes presents modern engineering fundamentals of sewing processes and machines for the complete spectrum of sewing stitches. It explores various needle types, properties of sewing threads, material transport, and advances in sewing techniques and technologies. Beginning with an overview of the history of sewing, the book introduces commonly used stitch types - such as lock stitch, chain stitch, overlock-, cover stitches - and their formation processes. It provides a comprehensive understanding of the various factors involved in optimizing machine performance and improving stitch quality, from proper needle and thread selection to the mechanical interactions and forces involved in sewing machine operation. Additional focus is given to embroidery machines, spacer stitching technology, automated sewing stations, and modern equipment for quality control during the sewing process. Readers will also learn how to calculate thread consumption for different stitch classes. The book will interest both researchers and industry professionals working in the apparel industry, textile production/manufacturing, and design assembly processes. It will also benefit graduate students taking courses in Apparel Technology, Sewing Technology, Sewing Processes, and Joining Technology of Textiles"-- Provided by publisher.
650 0 _aSewing machines
_0http://id.loc.gov/authorities/subjects/sh85120545
700 1 _aKyosev, Yordan
_eeditor
_4http://id.loc.gov/vocabulary/relators/edt
_0http://id.loc.gov/authorities/names/n2004011266
776 1 _iOnline version
_4http://id.loc.gov/entities/relationships/onlineversion
_tSewing machines and processes
_dBoca Raton : CRC Press, 2025
_z9781003293071
_w(DLC) 2025010857
906 _a7
_bcbc
_corignew
_d1
_eecip
_f20
_gy-gencatlg
942 _2lcc
_cBK
999 _c43851
_d43851